Cómo leer, estudiar y memorizar rápidamente

Na minha lista:
Detalhes bibliográficos
Autor principal: Mayo, W. J. (autor)
Formato: Livro
Idioma:espanhol
Publicado em: Bogotá Norma 1990
Colecção:Cómo dominar
Assuntos:
Tags: Adicionar Tag
Sem tags, seja o primeiro a adicionar uma tag!

MARC

LEADER 00000nam a2200000 a 4500
001 UCW6654
003 CL-VaPUC
008 920420e19900000CK |||||||||||||||||spa|d
082 0 4 |a 372.43  |b MAY  |2 21 
100 |a Mayo, W. J.  |e autor  |9 414488 
245 1 0 |a Cómo leer, estudiar y memorizar rápidamente 
300 |a 160 p 
942 |c BK 
945 |d 19920420 00:00:00  |a rbrito 
260 |a Bogotá  |b Norma  |c 1990 
650 0 |a Lectura veloz  |9 310853 
650 7 |a PROBLEMAS  |2 CL-VaPUC  |9 269806 
650 0 |a Ejercicios   |9 269807 
583 |a last modification  |c 19920420 00:00:00  |k Rodrigo Vera 
490 0 |a Cómo dominar 
999 |c 219628  |d 219626 
952 |0 0  |1 0  |4 0  |6 372_430000000000000_MAY_1990  |7 0  |8 A  |9 210772  |a BIBEDU  |b BIBEDU  |d 2019-11-15  |i 278985K  |l 1  |o 372.43 MAY 1990  |p 278985K  |r 2023-03-20  |s 2023-03-13  |w 2019-11-15  |y BK  |k EDU 
952 |0 0  |1 0  |4 0  |6 372_430000000000000_MAY_1990  |7 0  |8 A  |9 210773  |a BIBCUR  |b BIBCUR  |d 2019-11-15  |i 3074412  |l 3  |m 1  |o 372.43 MAY 1990  |p 3074412  |r 2025-04-22  |s 2022-12-13  |w 2019-11-15  |y BK  |k PER